000
003440000a22001570004500
050
_a
010
060
_a
100
082
_a
338.5 SNY
100
_a
Nicholson, Walter
100
_a
Snyder, Christopher
245
_a
Fundamentals of microeconomics
260
_a
New Delhi, Cengage learning
260
_c
2008
300
_a
683
942
_c
BK
999
_c
368336
_d
368336